| 000 | 01429nam a22002537a 4500 | ||
|---|---|---|---|
| 001 | 9715 | ||
| 003 | FISKH | ||
| 005 | 20260130110714.0 | ||
| 008 | 260130b cb ||||| |||| 00| 0 eng d | ||
| 020 | _a9780241684337 | ||
| 040 |
_aFISKH _beng _cFISKH _dFISKH |
||
| 050 | _a PZ7.1 .G368 .O | ||
| 082 | _a 813.6 | ||
| 100 | _aGarber, Stephanie | ||
| 245 |
_aOnce upon a broken heart / _cStephanie Garber |
||
| 250 | _aThis edition published in 2025 | ||
| 260 |
_aUnited Kingdom : _bPenguin Books, _c2021 |
||
| 300 |
_a408 pages : _billustrations ; maps ; _c20 cm |
||
| 490 |
_aOnce Upon a Broken Heart : _vBook One |
||
| 520 | _aFor as long as she can remember, Evangeline Fox has believed in true love and happy endings...until she learns that the love of her life will marry another. Desperate to stop the wedding and to heal her wounded heart, Evangeline strikes a deal with the charismatic, but wicked, Prince of Hearts. In exchange for his help, he asks for three kisses, to be given at the time and place of his choosing. But after Evangeline's first promised kiss, she learns that bargaining with an immortal is a dangerous game and that the Prince of Hearts wants far more from her than she'd pledged. He has plans for Evangeline, plans that will either end in the greatest happily ever after, or the most exquisite tragedy... | ||
| 650 |
_aFantasy _vFiction _xRomance |
||
| 942 |
_2ddc _cBK _n0 |
||
| 999 |
_c9715 _d9715 |
||